The use and abuse of fee competition. Conference at RICS Westminster Centre, 26 November 1986. (Record no. 90662)
[ view plain ]
| 000 -LEADER | |
|---|---|
| fixed length control field | 00914cam a2200313 4500 |
| 001 - CONTROL NUMBER | |
| control field | B892 |
| 008 - FIXED-LENGTH DATA ELEMENTS--GENERAL INFORMATION | |
| fixed length control field | 090401t1986 xxu||||| |||| 00| 0 eng d |
| 035 ## - SYSTEM CONTROL NUMBER | |
| System control number | (Sirsi) u38568 |
| 041 ## - LANGUAGE CODE | |
| Language code of text/sound track or separate title | eng |
| 050 ## - LIBRARY OF CONGRESS CALL NUMBER | |
| Classification number | 331.2166 |
| 090 ## - LOCALLY ASSIGNED LC-TYPE CALL NUMBER (OCLC); LOCAL CALL NUMBER (RLIN) | |
| Classification number (OCLC) (R) ; Classification number, CALL (RLIN) (NR) | RICS 1986/53 ABC |
| 110 ## - MAIN ENTRY--CORPORATE NAME | |
| Corporate name or jurisdiction name as entry element | Chartered Institute of Public Finance and Accountancy |
| 9 (RLIN) | 2136 |
| 245 #4 - TITLE STATEMENT | |
| Title | The use and abuse of fee competition. Conference at RICS Westminster Centre, 26 November 1986. |
| 260 ## - PUBLICATION, DISTRIBUTION, ETC. | |
| Date of publication, distribution, etc. | 1986 |
| 300 ## - PHYSICAL DESCRIPTION | |
| Extent | 8 papers |
| 350 ## - PRICE (NR) (BK AM CF MU VM SE) [OBSOLETE] | |
| Price | 0 |
| 520 ## - SUMMARY, ETC. | |
| Summary, etc. | Conference organised by STS. |
| 700 ## - ADDED ENTRY--PERSONAL NAME | |
| Personal name | Harris, C. |
| 700 ## - ADDED ENTRY--PERSONAL NAME | |
| Personal name | Hinchcliffe, J.L. |
| 700 ## - ADDED ENTRY--PERSONAL NAME | |
| Personal name | Hutchinson, D.A. |
| 700 ## - ADDED ENTRY--PERSONAL NAME | |
| Personal name | Lee, D.R. |
| 700 ## - ADDED ENTRY--PERSONAL NAME | |
| Personal name | Smith, G.A.J. |
| 700 ## - ADDED ENTRY--PERSONAL NAME | |
| Personal name | Southgate, A.C. |
| 700 ## - ADDED ENTRY--PERSONAL NAME | |
| Personal name | Whimster, K.W. |
| 700 ## - ADDED ENTRY--PERSONAL NAME | |
| Personal name | Williams, G.M.J. |
| 710 ## - ADDED ENTRY--CORPORATE NAME | |
| Corporate name or jurisdiction name as entry element | Royal Institution of Chartered Surveyors |
| Subordinate unit | Quantity Surveyors' Division |
| 9 (RLIN) | 1263 |
| 942 ## - ADDED ENTRY ELEMENTS (KOHA) | |
| Suppress in OPAC | 0 |
| 948 ## - LOCAL PROCESSING INFORMATION (OCLC); SERIES PART DESIGNATOR (RLIN) | |
| c (OCLC) | 04/03/1997 |
| Withdrawn status | Lost status | Source of classification or shelving scheme | Damaged status | Not for loan | Home library | Current library | Shelving location | Date acquired | Total Checkouts | Full call number | Barcode | Date last seen | Copy number | Price effective from | Koha item type | Date last checked out |
|---|---|---|---|---|---|---|---|---|---|---|---|---|---|---|---|---|
| Dewey Decimal Classification | Historic collection | Historic collection | RICS Boxes | 29/11/1991 | RICS 1986/53 | 30078696 | 06/08/2019 | 1 | 06/08/2019 | Archive | ||||||
| Dewey Decimal Classification | London | London | RICS Boxes | 14/08/1991 | RICS 1986/53 | 30019382 | 06/08/2019 | 1 | 06/08/2019 | Reference material | ||||||
| Dewey Decimal Classification | London | London | RICS Boxes | 29/11/1991 | 1 | RICS 1986/53 | 30031240 | 06/08/2019 | 3 | 06/08/2019 | Book | 23/12/1999 |